| 000 | 00723nam a2200241Ia 4500 | ||
|---|---|---|---|
| 003 | OSt | ||
| 005 | 20220925213934.0 | ||
| 006 | a|||||r|||| 00| 0 | ||
| 007 | ta | ||
| 008 | 220923b |||||||| |||| 00| 0 eng d | ||
| 037 | _cGeneral Book | ||
| 040 |
_aRTL _cRTL _beng |
||
| 041 |
_2eng _aeng |
||
| 082 | _aY49(J):47.58.N05, M7 | ||
| 100 |
_aEdelman Robert _9279211 |
||
| 245 | 0 |
_aProletarian peasants _bThe revolution of the 1905 |
|
| 260 |
_aLondon _bCornell University Press _c1987 |
||
| 300 |
_axv,195p _ccm. |
||
| 500 | _aBibliography: P 181-183; Glossary: P 179-180 | ||
| 650 | _aPeasants | ||
| 942 |
_hY49(J):47.58.N05, M7 _cGB _2CC |
||
| 999 |
_c564053 _d564053 |
||